000 00492nam a2200181Ia 4500
005 20250326124159.0
008 250326s9999 xx 000 0 und d
037 _aTextbook
040 _aFMSL
_beng
_cFMSL
041 _aeng
_2eng
084 _aX:51 L0;3
_qFMSL
100 _aBartels R
_9736837
245 0 _aMarketing theory and metatheory
_cBartels R
260 _aUSA
_bUSA, Richard D Irwin
_c1970
300 _a298p
942 _cTB
_hX:51 L0;3
999 _c1272617
_d1272617